00656cam a22002411 4500001001300000003000400013005001700017008004100034010001700075025002000092035002000112040002100132042001200153050002100165100004000186245004900226260001100275300003300286500001500319504002900334600003400363999001700397sa 68018391 DLC20260227112711.0940711s1968 ii b 000 0 telo  asa 68018391  aPL480:I-Te-1847 a(OCoLC)30748214 aDLCcCUdCUdDLC apremarc00aDS479.1.L27bV452 aVenkata Subbayya, Gorrepati,d1898-10aPañjābu kēsari Lālā Lajapatirāy. c[1968] aiv, ii, 18-209, v p.c23 cm. aIn Telugu. aBibliography: p.[iii]-v.20aLajpat Rai, Lala,d1865-1928. c88376d88376